Letra de «Y viva España» - Estadísticas

Estadísticas generales
  • Esta prueba ha sido intentada 54 veces
  • La puntuación promedio es 15 de 26
Estadísticas de respuestas
Letra % Correcto
Nació en España la tierra del {amor}
94%
Solo Dios pudiera hacer tanta {belleza}
94%
"¡{Que} {Viva} {España}!"
92%
"¡{Que} {Viva} {España}!"
92%
"¡{Que} {Viva} {España}!"
92%
Y España es la {Mejor}
88%
Por eso se oye este {refrán}
85%
Y es {imposible} que puedan haber dos
85%
Y siempre la {recordarán}
77%
Entre Flores, Fandanguillos y {alegrías}
75%
La vida tiene otro {Sabor}
75%
Y empieza nuestra {Fiesta} Nacional
69%
Y todo el mundo sabe {que} {es} {verdad}
69%
Y {lloran} cuando tienen que marchar
67%
La gente canta con {ardor}
65%
La {Costa} {Brava} y la Costa del Sol
48%
Es las tardes {Soleadas} de corrida
42%
Que bonito es el {mar} {Mediterráneo}
40%
Con esa gracia de {Hidalgo} {Español}
33%
Eterno {paraíso} sin igual
33%
La gente aclama al {diestro} con fervor
33%
Y el saluda paseando a su {cuadrilla}
29%
España siempre {ha} {sido} {y} {será}
15%
La plaza por si sola {vibra} ya
15%
El sardana y la {fandango} me emocionan
13%
Porque en sus notas hay vida y {hay} {calor}
13%
No se encontraron pruebas coincidentes
Distribución de puntuación
Porcentaje de gente con cada puntuación
Porcentaje por número respondido
Historial de tus puntuaciones
No has intentado esta prueba.